| 000 | 00865cam a22002055a 4500 | ||
|---|---|---|---|
| 001 | L137750 | ||
| 008 | 070426s2007 xxk f 000 0 eng d | ||
| 035 | _a(Sirsi) u137750 | ||
| 041 | 0 | _aeng | |
| 100 | 1 | _aHolmes, Kirsten | |
| 245 | 0 | 0 |
_aCity centre masterplanning and cultural spaces _ba case study of Sheffield |
| 260 | _c2007 | ||
| 490 | 0 |
_aJournal of Retail and Leisure Property _v6(1) 2007, 29-46(18) |
|
| 520 | _aDiscusses the council's consideration of cultural factors in economic regeneration. Argues that the strong focus on economic development has meant private property development has impacted negatively on public spaces, and that the public spaces have as a result not become inclusive spaces. | ||
| 590 | _aKA | ||
| 651 | 4 | _aSHEFFIELD | |
| 690 | _aPROPERTY-PROPERTY MANAGEMENT-REGENERATION | ||
| 700 | 1 | _aBeeBeejaun, Yasminah | |
| 942 | _n0 | ||
| 999 |
_c78704 _d78704 |
||